Kerjaya dan organisasi

Bibliographic Details
Main Author: Zaini Hussein
Format: Book
Published: Kuala Lumpur : Institut Tadbiran Awam Negara , 2004
Subjects:

MARC

LEADER 00000cam a2200000 7i4500
001 0000019326
005 20070601.0
020 |a 9833109039 
040 |a INS 
090 0 0 |a HD58.7   |b Z35 2004 
100 1 |a Zaini Hussein 
245 1 0 |a Kerjaya dan organisasi   |c Zaini Hussein 
260 |a Kuala Lumpur :   |b Institut Tadbiran Awam Negara ,   |c 2004 
300 |a vii, 117ms. ;   |c 21cm. 
504 |a Bibliografi: ms. 115 
650 0 0 |a Manpower planning 
650 0 0 |a Personel management 
999 |a 0000018617   |b BOOK   |c Open Shelf   |e Default branch 
999 |a 0000018866   |b BOOK   |c Open Shelf   |e Default branch